000 00380nam a22001457a 4500
003 OSt
008 250206b |||||||| |||| 00| 0 eng d
041 _aeng
100 _aMadhavan Pillai, C
_94854
245 _aNBS Malayalam English Dictionary
250 _aReprint
260 _aKottayam:
_bSahithya Pravarthaka Cooperative Society Ltd,
_c1993.
300 _a1032p.
942 _cBK
999 _c19325
_d19325